| 000 | 00468nam a2200169Ia 4500 | ||
|---|---|---|---|
| 005 | 20250424120329.0 | ||
| 008 | 250424s9999 xx 000 0 und d | ||
| 022 | _a11186887 | ||
| 050 | _aAS 633 .A1 N33/ | ||
| 245 | 4 | _aThe nasarawa journal of humanities | |
| 260 | _a Keffi | ||
| 260 | _bFaculty of Arts | ||
| 260 | _c2012 | ||
| 300 | _aix, 241 p. ; 21 cm. | ||
| 650 | _aHumanities--Nigeria--Periodicals. Social sciences--Nigeria--Periodicals. | ||
| 942 | _cSR | ||
| 999 |
_c38702 _d38702 |
||